[Event "AUTO-OPEN-3482"]
[Site "http://www.queenalice.com/game.php?id=1359835"]
[Date "2015.5.16"]
[Round "1"]
[White "anietoro"]
[Black "TheKink"]
[Result "1-0"]
[WhiteElo "2201"]
[BlackElo "1717"]

1. c4 Nf6 2. Nc3 d6 3. g3 g6 4. Bg2 Bg7 5. e4 c5 6. Nge2 Nc6 7. O-O a6 8. Rb1
Nb4 9. d3 O-O 10. a3 Nc6 11. b4 b6 12. e5 Bb7 13. exf6 Bxf6 14. b5 axb5 15. cxb5
Na5 16. Nd5 e6 17. Nxf6+ Qxf6 18. Bd2 Bf3 19. Bxf3 1-0

[Event "AUTO-OPEN-3482"]
[Site "http://www.queenalice.com/game.php?id=1359836"]
[Date "2015.5.16"]
[Round "1"]
[White "TheKink"]
[Black "anietoro"]
[Result "0-1"]
[WhiteElo "1719"]
[BlackElo "2200"]

1. Nf3 Nf6 2. d3 d5 3. g3 Nc6 4. Bg2 Bg4 5. Bg5 e5 6. Nbd2 h6 7. Bxf6 Qxf6 8.
O-O Bd6 9. c4 dxc4 10. Nxc4 O-O 11. Nxd6 cxd6 12. Nd2 Qe6 13. b3 Nd4 14. f3 Bh3
0-1

[Event "AUTO-OPEN-3482"]
[Site "http://www.queenalice.com/game.php?id=1359863"]
[Date "2015.5.16"]
[Round "1"]
[White "TheKink"]
[Black "vindaloo"]
[Result "1-0"]
[WhiteElo "2058"]
[BlackElo "1839"]

1. Nf3 c5 2. d3 Nc6 3. g3 e5 4. Bg2 d5 5. O-O Nf6 6. Bg5 Be6 7. Nbd2 h6 8. Bxf6
Qxf6 9. Rb1 Rd8 10. a3 Qe7 11. c3 Qc7 12. b4 b6 13. Qc2 Be7 14. b5 Nb8 15. c4 d4
16. Nb3 f5 17. Nfd2 g5 18. a4 g4 19. Ra1 h5 20. a5 Nd7 21. Bc6 Kf7 22. Ra2 Nb8
23. axb6 axb6 24. Bg2 h4 25. Rfa1 hxg3 26. fxg3 Nd7 27. Ra7 Qd6 28. R1a6 Nb8 29.
Ra3 Rh5 30. Rb7 Rdh8 31. Raa7 Nd7 32. Nf1 Rd8 33. Bc6 Ke8 34. Rxb6 Rb8 35. Bxd7+
1-0

[Event "AUTO-OPEN-3482"]
[Site "http://www.queenalice.com/game.php?id=1359864"]
[Date "2015.5.16"]
[Round "1"]
[White "vindaloo"]
[Black "TheKink"]
[Result "0-1"]
[WhiteElo "1847"]
[BlackElo "2050"]

1. e4 d6 2. Nf3 Nf6 3. e5 dxe5 4. Nxe5 Bf5 5. Bd3 Bxd3 6. Nxd3 Nc6 7. b3 e5 8.
O-O Bd6 9. Re1 O-O 10. Nc3 Qd7 11. Bb2 Rfe8 12. f3 Nd4 13. Ne2 c5 14. c3 Nxe2+
15. Qxe2 e4 16. fxe4 Nxe4 17. Qd1 Qf5 18. Rf1 Qg6 19. c4 Ng5 20. Nf2 Qh6 21. h3
Re6 22. d4 Rg6 23. Qd3 Rd8 24. d5 Qh5 25. Kh1 Rh6 26. Ng4 Rg6 27. Rae1 Rf8 28.
Qe2 Qh4 29. Qe3 Bg3 30. Nf2 Bf4 31. Qxc5 Qg3 32. Ng4 Nxh3 33. Rf3 Qxg4 34. Re2
Ng5 35. Ba3 Rh6+ 0-1

[Event "AUTO-MASTER-2305"]
[Site "http://www.queenalice.com/game.php?id=1362524"]
[Date "2015.5.30"]
[Round "1"]
[White "echo92"]
[Black "TheKink"]
[Result "1-0"]
[WhiteElo "2147"]
[BlackElo "1803"]

1. d4 Nf6 2. c4 d6 3. Nc3 g6 4. e4 Bg7 5. Nf3 Bg4 6. Be2 O-O 7. O-O Nbd7 8. h3
Bxf3 9. Bxf3 c5 10. Be3 a6 11. Qd2 Rb8 12. a4 cxd4 13. Bxd4 Nc5 14. Bxc5 dxc5
15. Rad1 e6 16. e5 Nh5 17. Bxh5 gxh5 18. Qf4 1-0

[Event "AUTO-MASTER-2305"]
[Site "http://www.queenalice.com/game.php?id=1362525"]
[Date "2015.5.30"]
[Round "1"]
[White "TheKink"]
[Black "echo92"]
[Result "0-1"]
[WhiteElo "1801"]
[BlackElo "2149"]

1. Nf3 Nf6 2. d3 g6 3. g3 Bg7 4. Bg2 O-O 5. O-O d6 6. c4 e5 7. Bg5 h6 8. Bxf6
Qxf6 9. Nbd2 Nc6 10. a3 Be6 11. Rb1 Rad8 12. Ne4 Qe7 13. b4 Nd4 14. Nxd4 exd4
15. c5 dxc5 16. Nxc5 b6 17. Nxe6 Qxe6 0-1

[Event "AUTO-MASTER-2305"]
[Site "http://www.queenalice.com/game.php?id=1362540"]
[Date "2015.5.30"]
[Round "1"]
[White "roberval"]
[Black "TheKink"]
[Result "0-1"]
[WhiteElo "2143"]
[BlackElo "2058"]

1. e4 d5 2. exd5 Nf6 3. Bb5+ Bd7 4. Bc4 Bg4 5. f3 Bf5 6. Nc3 c6 7. dxc6 Nxc6 8.
Nge2 e5 9. d3 Bc5 10. Bg5 h6 0-1

[Event "AUTO-MASTER-2305"]
[Site "http://www.queenalice.com/game.php?id=1362550"]
[Date "2015.5.30"]
[Round "1"]
[White "Rgbug"]
[Black "TheKink"]
[Result "1-0"]
[WhiteElo "2202"]
[BlackElo "2069"]

1. e4 d5 2. exd5 Nf6 3. c4 c6 4. dxc6 Nxc6 5. Nf3 Bg4 6. Nc3 e5 7. h3 Bh5 8. Be2
Bc5 9. Nxe5 Nxe5 10. Bxh5 Qe7 11. O-O O-O 12. Be2 a6 13. d4 Rad8 14. d5 Bd6 15.
Bg5 h6 16. Bxf6 Qxf6 17. Ne4 Qe7 18. Nxd6 Qxd6 19. Qc2 Rc8 20. b3 1-0

[Event "AUTO-MASTER-2305"]
[Site "http://www.queenalice.com/game.php?id=1362551"]
[Date "2015.5.30"]
[Round "1"]
[White "TheKink"]
[Black "Rgbug"]
[Result "0-1"]
[WhiteElo "2058"]
[BlackElo "2210"]

1. Nf3 d5 2. d3 Nc6 3. g3 e5 4. Bg2 Nf6 5. O-O Bc5 6. Bg5 O-O 7. Nbd2 h6 8. Bxf6
Qxf6 9. Rb1 Re8 10. c4 e4 11. Ne1 e3 12. fxe3 Bxe3+ 13. Kh1 Qd6 14. Bxd5 Be6 15.
Bxe6 Qxe6 16. Nc2 Bxd2 17. Qxd2 Qxe2 18. Rbd1 Rad8 19. d4 Qxc4 0-1

[Event "France tournoi"]
[Site "http://www.queenalice.com/game.php?id=1364022"]
[Date "2015.6.7"]
[Round "1"]
[White "Champignac"]
[Black "TheKink"]
[Result "1-0"]
[WhiteElo "2005"]
[BlackElo "1675"]

1. c4 Nf6 2. Nc3 d6 3. g3 g6 4. Bg2 Bg7 5. Nf3 O-O 6. O-O Bf5 7. d3 Nbd7 8. Nd4
Bg4 9. Bxb7 Rb8 10. Nc6 Qe8 11. Nxb8 Qxb8 12. Bg2 a6 13. f3 Be6 14. Rb1 Qa7+ 15.
Kh1 1-0